Quick Sort - US Sitcoms Quiz Stats

Quiz Updated Jul 15, 2012

Challenge
Share
Tweet
Score 0/20 Timer 02:00
0 Plays Today
Order TV Show % Correct
1Leave It To Beaver
95.4%
2The Dick Van Dyke Show
92.8%
3Get Smart
88.4%
4The Brady Bunch
84.7%
5M*A*S*H
81.4%
6Happy Days
77.4%
7Welcome Back, Kotter
74.3%
8Three's Company
69.5%
9Taxi
64.3%
10Cheers
61.2%
Order TV Show % Correct
11Full House
53.9%
12Frasier
48.5%
13Friends
44.4%
14Third Rock From The Sun
37.6%
15King Of Queens
34%
16Malcolm In The Middle
31.3%
20Big Bang Theory
30.9%
1930 Rock
29.7%
17Scrubs
29.7%
18The Office
28.6%

You're not logged in!

Compare scores with friends on all Sporcle quizzes.
Sign Up with Email
OR
Log In

You Might Also Like...

Show Comments

Extras

Top Quizzes Today


Score Distribution

Your Account Isn't Verified!

In order to create a playlist on Sporcle, you need to verify the email address you used during registration. Go to your Sporcle Settings to finish the process.